Statistics for Still Game Teaser #2

Click here to take the quiz!

General Stats

  • This quiz has been taken 52 times
  • The average score is 5 of 9

Answer Stats

HintAnswer% Correct
Tam’s Wife’s ProfessionLibrarian
93%
Title Of First EpisodeFlittin’
85%
Victor’s SonJohn
83%
Superstore NameHyperdales
80%
Isa’s SurnameDrennan
78%
Name Of Beefy Bake BakeryHenderson’s
67%
Winston ActorPaul Riley
33%
Original Broadcast ChannelBBC One Scotland
15%
Meena ActressShamshad Akhtar
7%

Score Distribution

Percentile by Number Answered

Percent of People with Each Score

Your Score History

You have not taken this quiz